| 000 | 01018nam a2200253 i 4500 | ||
|---|---|---|---|
| 001 | 190351 | ||
| 003 | SpMaBN | ||
| 005 | 20250519152301.0 | ||
| 008 | 201111s1976 sp |||| | spa d | ||
| 080 | _a78 Wagner, Richard | ||
| 100 | 1 |
_aJanés Nadal, Alfonsina. _966017 |
|
| 245 | 1 | 3 |
_aLa obra de Richard Wagner en Barcelona / _cAlfonsina Janés Nadal. |
| 260 |
_aBarcelona : _bUniversidad de Barcelona, [Facultad de Filosofía y Letras], _c1976. |
||
| 300 |
_a16 p. ; _c24 cm. |
||
| 502 | _aTesis-Univ. Barcelona (Extracto) | ||
| 504 | _aBibliografía: p. 16. | ||
| 594 | _aPrecede al tít.: Universidad de Barcelona. Secretariado de Publicaciones, Intercambio Científico y Extensión Universitaria. | ||
| 600 | 1 | 4 |
_aWagner, Richard, _d1813-1883 _9240522 |
| 655 |
_aTesis y escritos académicos _9226867 |
||
| 710 | 2 |
_aUniversidad de Barcelona. _bFacultad de Filosofía y Letras. _97149 |
|
| 852 | 4 |
_aES-MaACL _jP-1415 (103) _9197559 _bR-68610 _cDEPO2 |
|
| 942 | _2udc | ||
| 999 |
_c190351 _d190351 |
||